01401nam a2200361Ia 4500001001200000003000800012006001900020007001500039008004100054010001700095020002600112020002300138040002100161035002100182050002600203082001900229100002400248245014300272260003800415300002600453504005100479533015200530650003400682650002500716650004100741650001500782650002300797655002900820700003000849710001700879856012600896999001701022ebr10270687CaPaEBRm u cr cn|||||||||080320s2008 enka sb 001 0 eng d z 2008013159 z9780470511664 (cloth) z0470511664 (cloth) aCaPaEBRcCaPaEBR a(OCoLC)31844369214aTK7867.2b.C36 2008eb04a621.382/242221 aCaniggia, Spartaco.10aSignal integrity and radiated emission of high-speed digital systemsh[electronic resource] /cSpartaco Caniggia, Francescaromana Maradei. aChichester, U.K. :bWiley,c2008. axxiii, 528 p. :bill. aIncludes bibliographical references and index. aElectronic reproduction.bPalo Alto, Calif. :cebrary,d2009.nAvailable via World Wide Web.nAccess may be limited to ebrary affiliated libraries. 0aElectromagnetic interference. 0aDigital electronics. 0aVery high speed integrated circuits. 0aCrosstalk. 0aSignal processing. 7aElectronic books.2local1 aMaradei, Francescaromana.2 aebrary, Inc.40uhttp://site.ebrary.com/lib/rucke/Doc?id=10270687zAn electronic book accessible through the World Wide Web; click to view c23782d23782